Essential concepts of clinical physiology (Record no. 12724)
[ view plain ]
| 000 -LEADER | |
|---|---|
| fixed length control field | 00387nam a22001457a 4500 |
| 082 ## - DEWEY DECIMAL CLASSIFICATION NUMBER | |
| Classification number | 612 |
| Author Mark | JAM |
| 100 ## - MAIN ENTRY--PERSONAL NAME | |
| Author Name | James V.Lawry |
| 245 ## - TITLE STATEMENT | |
| Title | Essential concepts of clinical physiology |
| 250 ## - EDITION STATEMENT | |
| Edition statement | 1 |
| 260 ## - PUBLICATION, DISTRIBUTION, ETC. | |
| Place of publication, distribution, etc. | USA |
| Name of publisher, distributor, etc. | Sinauer Associates,Inc |
| Date of publication, distribution, etc. | 1977 |
| 300 ## - PHYSICAL DESCRIPTION | |
| No of Pages | 246 p |
| Dimensions | 22cm |
| 504 ## - BIBLIOGRAPHY, ETC. NOTE | |
| Bibliography, Index, etc. note | include Index |
| 650 ## - SUBJECT ADDED ENTRY--TOPICAL TERM | |
| Subject | Physiology |
| Keywords | Nerve and Muscle |
| -- | Energetics |
| -- | Acid-Base |
| 942 ## - ADDED ENTRY ELEMENTS (KOHA) | |
| Source of classification or shelving scheme | |
| Koha item type | Books |
| 952 ## - LOCATION AND ITEM INFORMATION (KOHA) | |
| -- | 2023-02-08 |
| Item status | Home library | Current library | Shelving location | Date acquired | Source of acquisition | Total Checkouts | Full call number | Barcode | Date last seen | Koha item type |
|---|---|---|---|---|---|---|---|---|---|---|
| Islamabad Medical and Dental College | Islamabad Medical and Dental College | Islamabad Medical and Dental College | 08/02/2023 | Donated | 612 JAM | G-441 | 08/02/2023 | Books |
